| 000 | 01081nam a22003377a 4500 | ||
|---|---|---|---|
| 001 | BR9705556 | ||
| 003 | BR-BrBNA | ||
| 005 | 20230928095803.0 | ||
| 007 | ta | ||
| 008 | 230509b bl.||||| |||| 00| 0 por d | ||
| 040 |
_aBR-BrBNA _bpor _cBiblioteca Nacional de Agricultura |
||
| 041 | _a(Por) | ||
| 072 |
_aP34; F30 _b0336 _b3810 |
||
| 090 | _ 0336 BR9705556 | ||
| 100 | 1 | _aOliveira, H.M. de | |
| 110 | 1 |
_aUniversidade Federal de Pernambuco, Recife (Brasil) _0Tese (Mestre em Botanica) |
|
| 245 | 1 | _aEfeito do potassio no crescimento e fixacao do nitrogenio em quatro variedades de soja (Glycine max (L.)Merrill)cultivadas em areia quartzosa em casa de vegetacao | |
| 260 | 3 |
_aRecife, PE (Brasil): _c1995. |
|
| 300 | _a61 p. | ||
| 500 | _aBibliography p. 44-51; 26 tables; Summaries (Eng, Por) | ||
| 650 | _aSoja | ||
| 650 | _aPotassio | ||
| 650 | _aFixacao de Nitrogenio | ||
| 650 | _aVariedade | ||
| 650 | _aCrescimento | ||
| 650 | _aEstufa | ||
| 650 | _aMateria Seca | ||
| 650 | _aAnatomia Vegetal | ||
| 909 |
_a202309 _bLucia _c55 _dLucia Elande |
||
| 942 | _cBK | ||
| 999 |
_c58654 _d58654 |
||